Home Print Resources E-Books E-Journals IIMT Lecture Series Library Membership Form Book Recommendation Form Campus Tour Take AdmissionAbout Us Contact Us

Introduction to Special Relativity (Record no. 5275)

000 -LEADER
fixed length control field 00380nam a2200157Ia 4500
003 - CONTROL NUMBER IDENTIFIER
control field OSt
005 - DATE AND TIME OF LATEST TRANSACTION
control field 20240226112042.0
008 - FIXED-LENGTH DATA ELEMENTS--GENERAL INFORMATION
fixed length control field 170524s9999 xx 000 0 und d
020 ## - INTERNATIONAL STANDARD BOOK NUMBER
International Standard Book Number 9788126511006
040 ## - CATALOGING SOURCE
Transcribing agency IIMT UNIVERSITY MEERUT
100 ## - MAIN ENTRY--PERSONAL NAME
Personal name Resnik- Robert
245 #0 - TITLE STATEMENT
Title Introduction to Special Relativity
260 ## - PUBLICATION, DISTRIBUTION, ETC.
Name of publisher, distributor, etc. John Wiley India
260 ## - PUBLICATION, DISTRIBUTION, ETC.
Date of publication, distribution, etc. 2005
942 ## - ADDED ENTRY ELEMENTS (KOHA)
Source of classification or shelving scheme
Koha item type Book Bank
Holdings
Withdrawn status Lost status Source of classification or shelving scheme Damaged status Not for loan Home library Current library Date acquired Barcode Date last seen Uniform Resource Identifier Price effective from Koha item type Public note
          IIMT University Central Library Meerut IIMT University Central Library Meerut 05/31/2017 01-B-43689 05/31/2017 ENGINEERING 05/31/2017 Book Bank / Loan Books Central Library to Departmental Basic Science Library
          IIMT University Central Library Meerut IIMT University Central Library Meerut 05/31/2017 01-B-43690 05/31/2017 ENGINEERING 05/31/2017 Book Bank  
          IIMT University Central Library Meerut IIMT University Central Library Meerut 05/31/2017 01-B-43691 05/31/2017 ENGINEERING 05/31/2017 Book Bank  
          IIMT University Central Library Meerut IIMT University Central Library Meerut 05/31/2017 01-B-43692 05/31/2017 ENGINEERING 05/31/2017 Book Bank  
          IIMT University Central Library Meerut IIMT University Central Library Meerut 05/31/2017 01-B-43693 05/31/2017 ENGINEERING 05/31/2017 Book Bank  
IIMT, Central Library. All Rights Reserved IIMT,UNIVERSITY © 2023
Implemented and Customised by I CLOUDE EMS
You Are OPAC Visitor No
free web counter

Powered by Koha